Loading...
| History - European History | 0 | 4 | 1 | 1 | 35 | 60 | 99.75 | 0 | 2 |
| Religion | 0 | 3 | 0 | 0 | 30 | 130 | 132.33 | 0 | 0 |
| Geography | 0 | 2 | 0 | 1 | 20 | 77 | 113.50 | 0 | 1 |
| Literature - British Literature | 0 | 2 | 0 | 1 | 20 | 121 | 138.00 | 0 | 0 |
| Science - Chemistry | 0 | 2 | 0 | 2 | 20 | 125 | 129.50 | 0 | 0 |
| History - Other History | 0 | 2 | 1 | 0 | 15 | 55 | 75.50 | 0 | 1 |
| Social Science | 0 | 1 | 0 | 0 | 10 | 128 | 128.00 | 0 | 0 |
| Fine Arts - Painting & Sculpture | 0 | 1 | 0 | 0 | 10 | 93 | 93.00 | 0 | 0 |
| History - American History | 0 | 1 | 0 | 0 | 10 | 129 | 129.00 | 0 | 0 |
| History - World History | 0 | 1 | 0 | 1 | 10 | 140 | 140.00 | 0 | 0 |
| Fine Arts - Other Fine Arts | 0 | 1 | 0 | 0 | 10 | 132 | 132.00 | 0 | 0 |
| Mythology | 0 | 1 | 1 | 0 | 5 | 133 | 133.00 | 0 | 0 |
| Literature - European Literature | 0 | 1 | 1 | 0 | 5 | 141 | 141.00 | 0 | 0 |
| Science - Other Science | 0 | 0 | 1 | 0 | -5 | 0.00 | 0 | 0 | |
| Philosophy | 0 | 0 | 2 | 0 | -10 | 0.00 | 0 | 0 |